[Event "Kalamazoo Quads"]
[Site "Kalamazoo"]
[Date "1996.03.30"]
[Round "?"]
[White "Martin, Bill"]
[Black "Nikitin, Mike"]
[Result "0-1"]
[WhiteElo "1510"]
[BlackElo "1501"]
[PlyCount "50"]
[EventDate "1996.03.30"]

1. d4 Nf6 2. e3 g6 3. c4 Bg7 4. Nc3 d5 5. cxd5 Nxd5 6. Nxd5 Qxd5 7. Nf3 O-O 8.
Be2 Qa5+ 9. Bd2 Qb6 10. Rb1 Bf5 11. Rc1 Qxb2 12. Rxc7 Nc6 13. Bc4 Qb6 14. d5
Qxc7 15. dxc6 Qxc6 16. Bb3 Rfd8 17. O-O e6 18. Re1 Rd6 19. Qc1 Qxc1 20. Rxc1
Rad8 21. Bb4 Rc6 22. Rxc6 bxc6 23. h3 h6 24. Kh2 Be4 25. Kg3 Bd5 0-1

[Event "Kalamazoo Quads"]
[Site "Kalamazoo"]
[Date "1996.03.30"]
[Round "?"]
[White "Marek, Mike"]
[Black "Neely, Richard"]
[Result "0-1"]
[WhiteElo "1404"]
[BlackElo "1500"]
[PlyCount "78"]
[EventDate "1996.03.30"]

1. d4 Nf6 2. c4 c5 3. d5 b5 4. cxb5 a6 5. Nc3 axb5 6. Nxb5 Qa5+ 7. Nc3 g6 8.
Bd2 Qb6 9. Qc2 Ba6 10. Nf3 Bg7 11. Rb1 O-O 12. Ne5 d6 13. Nd3 c4 14. Nf4 Nbd7
15. e4 Ne5 16. Be3 Qb7 17. Be2 Nfg4 18. O-O Nxe3 19. fxe3 Qd7 20. h3 e6 21. Bf3
Qa7 22. Rbe1 Nd3 23. Nxd3 cxd3 24. Qd2 Be5 25. Kh1 Qe7 26. g4 Qh4 27. Qg2 d2
28. Ra1 Bxf1 29. Qxf1 Qg3 30. Qe2 Qxh3+ 31. Kg1 Qg3+ 32. Kf1 Rab8 33. Nd1 Rfc8
34. a4 Rc1 35. Ra2 Bxb2 36. dxe6 fxe6 37. Bg2 Bc3 38. Rxd2 Bxd2 39. Qxd2 Rbb1
0-1

[Event "Kalamazoo Quads"]
[Site "Kalamazoo"]
[Date "1996.03.30"]
[Round "?"]
[White "Lynn, Steve"]
[Black "Fuller, William"]
[Result "0-1"]
[WhiteElo "2045"]
[BlackElo "2074"]
[PlyCount "80"]
[EventDate "1996.03.30"]

1. e4 c5 2. Nc3 Nc6 3. Nge2 d6 4. g3 Bg4 5. Bg2 Nd4 6. h3 Bf3 7. O-O Nf6 8.
Bxf3 Nxf3+ 9. Kg2 Nd4 10. d3 Nxe2 11. Qxe2 e6 12. f4 Be7 13. f5 O-O 14. g4 Nd7
15. Bf4 exf5 16. gxf5 Nb6 17. a4 Bf6 18. a5 Nc8 19. Nd5 a6 20. c3 Na7 21. Qg4
Nc6 22. Nxf6+ Qxf6 23. Bg5 Qe5 24. Bf4 Qe7 25. Kh2 f6 26. Rg1 Kh8 27. Qd1 Rad8
28. h4 d5 29. Qf3 dxe4 30. Qxe4 Rfe8 31. Rge1 Qd7 32. Qc4 Qxf5 33. Re4 Rxe4 34.
Qxe4 Qxe4 35. dxe4 Re8 36. Re1 Nxa5 37. e5 fxe5 38. Bxe5 Kg8 39. Kg3 Nc4 40.
Kf4 Nxb2 0-1

[Event "Kalamazoo Quads"]
[Site "Kalamazoo"]
[Date "1996.03.30"]
[Round "?"]
[White "Lynn, Steve"]
[Black "Estlick, Laurence"]
[Result "1/2-1/2"]
[WhiteElo "2045"]
[BlackElo "2073"]
[PlyCount "86"]
[EventDate "1996.03.30"]

1. e4 e6 2. d4 d5 3. e5 c5 4. Nf3 Nc6 5. Bd3 cxd4 6. O-O Nge7 7. Bf4 Ng6 8. Bg3
Be7 9. a3 Qb6 10. b4 O-O 11. h4 Rd8 12. Nbd2 Bd7 13. Nb3 Rdc8 14. h5 Nf8 15.
Qd2 Nd8 16. Nbxd4 a6 17. Rfb1 f5 18. a4 Nc6 19. Qe3 Nxd4 20. Nxd4 Qd8 21. Bf4
g5 22. hxg6 Nxg6 23. Nf3 Qe8 24. Bg5 Bxg5 25. Qxg5 Qe7 26. Qxe7 Nxe7 27. Kf1
Ng6 28. Ke2 Nf4+ 29. Kd2 Nxd3 30. cxd3 Rc7 31. Rc1 Rac8 32. Rxc7 Rxc7 33. Nd4
Kf7 34. b5 Rc8 35. Rc1 Rxc1 36. Kxc1 axb5 37. axb5 Ke7 38. Kd2 Kd8 39. Kc3 Kc7
40. Kb4 Kb6 41. g3 h6 42. f3 h5 43. f4 Bc8 1/2-1/2

[Event "Kalamazoo Quads"]
[Site "Kalamazoo"]
[Date "1996.03.30"]
[Round "?"]
[White "Jackson, Don"]
[Black "King, Anthony"]
[Result "1-0"]
[WhiteElo "1243"]
[BlackElo "1189"]
[PlyCount "62"]
[EventDate "1996.03.30"]

1. g4 e6 2. h3 c5 3. c4 Nc6 4. Bg2 b6 5. Bxc6 dxc6 6. Nf3 Qd6 7. Nc3 Nf6 8. d3
Be7 9. Bg5 h6 10. Bh4 O-O 11. Bg3 Qd8 12. Ne5 Nd7 13. Nxc6 Bb7 14. Nxe7+ Qxe7
15. f3 Rac8 16. Qb3 Rfe8 17. O-O-O Bc6 18. h4 a6 19. g5 h5 20. Rhg1 b5 21. cxb5
axb5 22. Ne4 Ra8 23. Kb1 Red8 24. Bd6 Qe8 25. Bxc5 Nxc5 26. Nxc5 Bd5 27. Qb4
Qc6 28. e4 Bxa2+ 29. Kc1 Ra4 30. Qc3 b4 31. Qc4 Bxc4 1-0

[Event "Kalamazoo Quads"]
[Site "Kalamazoo"]
[Date "1996.03.30"]
[Round "?"]
[White "Ingles, Darrell"]
[Black "Berndt, Harry"]
[Result "1-0"]
[WhiteElo "1450"]
[BlackElo "1560"]
[PlyCount "39"]
[EventDate "1996.03.30"]

1. e4 e5 2. d4 exd4 3. c3 dxc3 4. Bc4 cxb2 5. Bxb2 Qg5 6. Nf3 Qh5 7. e5 Nc6 8.
O-O Nh6 9. Nc3 Be7 10. Nd5 Bd8 11. Ba3 a6 12. Re1 b5 13. Nf6+ gxf6 14. exf6+
Be7 15. Rxe7+ Nxe7 16. Bxe7 Bb7 17. Be2 Rg8 18. g3 Nf5 19. Ne5 Rxg3+ 20. fxg3
1-0

[Event "Kalamazoo Quads"]
[Site "Kalamazoo"]
[Date "1996.03.30"]
[Round "?"]
[White "Hartwig, Thomas"]
[Black "Shellenberger, Richard"]
[Result "1/2-1/2"]
[WhiteElo "1574"]
[BlackElo "1732"]
[PlyCount "103"]
[EventDate "1996.03.30"]

1. e4 e6 2. d4 d5 3. Nc3 Bb4 4. e5 c5 5. a3 Bxc3+ 6. bxc3 Nc6 7. Qg4 g6 8. Nf3
Qa5 9. Bd2 Qa4 10. Ra2 Nge7 11. Qf4 h6 12. Qf6 Rh7 13. h4 cxd4 14. cxd4 Nxd4
15. Bd3 Nxf3+ 16. Qxf3 Qd4 17. Qg3 Nf5 18. Bxf5 exf5 19. h5 Qe4+ 20. Kd1 Qg4+
21. Qxg4 fxg4 22. hxg6 fxg6 23. Rxh6 Rxh6 24. Bxh6 Be6 25. Rb2 b6 26. Rb4 Kd7
27. Ra4 Kc6 28. Rf4 Bf5 29. Bg7 Rc8 30. c4 Kc5 31. cxd5 Kxd5 32. g3 Rc7 33. Bf6
Ke6 34. Kd2 Rc2+ 35. Kd1 Rc3 36. a4 Rc5 37. Kd2 a6 38. Rb4 b5 39. axb5 axb5 40.
Ke3 Rd5 41. Rd4 Rxd4 42. Kxd4 b4 43. Kc4 b3 44. Kxb3 Kd5 45. Kb4 Ke4 46. Kc5
Kf3 47. Kd6 Kxf2 48. Bh4 g5 49. Bxg5 Kxg3 50. e6 Bxe6 51. Kxe6 Kf3 52. Bh4
1/2-1/2

[Event "Kalamazoo Quads"]
[Site "Kalamazoo"]
[Date "1996.03.30"]
[Round "?"]
[White "Hartwig, Thomas"]
[Black "Anderson, Gale"]
[Result "0-1"]
[WhiteElo "1754"]
[BlackElo "1715"]
[PlyCount "70"]
[EventDate "1996.03.30"]

1. e4 c5 2. Nf3 Nc6 3. d4 cxd4 4. Nxd4 e6 5. Nc3 a6 6. a3 Be7 7. Be3 Nf6 8. Be2
O-O 9. Qd2 b5 10. Bf3 Ne5 11. O-O-O b4 12. axb4 Bxb4 13. Bf4 Qc7 14. Nb3 Rb8
15. Qd4 Bxc3 16. Qxc3 Nd3+ 17. Qxd3 Qxf4+ 18. Qd2 Qe5 19. Qd6 Qb5 20. e5 Rb6
21. Qc5 Ne8 22. Rd3 Bb7 23. Bxb7 Rxb7 24. Qxb5 Rxb5 25. f4 Nc7 26. Rxd7 Nd5 27.
c4 Rc8 28. Kb1 Rxb3 29. cxd5 Rcb8 30. d6 Rxb2+ 31. Ka1 R2b4 32. Rd8+ Rxd8 33.
Rc1 Rdb8 34. Rc2 Kf8 35. Ka2 Ra4# 0-1

[Event "Kalamazoo Quads"]
[Site "Kalamazoo"]
[Date "1996.03.30"]
[Round "?"]
[White "Griffin, John"]
[Black "Ingles, Darrell"]
[Result "0-1"]
[WhiteElo "1600"]
[BlackElo "1450"]
[PlyCount "86"]
[EventDate "1996.03.30"]

1. d4 c5 2. d5 d6 3. c4 g6 4. e4 Bg7 5. Nc3 a6 6. a4 Nf6 7. h3 O-O 8. f4 e6 9.
Nf3 e5 10. fxe5 dxe5 11. Bg5 Nbd7 12. Bd3 h6 13. Bh4 Qb6 14. Qc2 Nh5 15. Ne2
Bf6 16. Bxf6 Qxf6 17. O-O Nf4 18. Nxf4 Qxf4 19. Qd2 Qxd2 20. Nxd2 Kg7 21. Rf2
f6 22. Raf1 Rf7 23. Nf3 Nf8 24. Nxe5 Nd7 25. Nxf7 Kxf7 26. Be2 b6 27. Bg4 Ra7
28. Be6+ Kg7 29. b3 b5 30. cxb5 axb5 31. Bxd7 Rxd7 32. Rxf6 bxa4 33. bxa4 Bb7
34. Rb1 Kxf6 35. Rb6+ Ke5 36. Re6+ Kd4 37. d6 c4 38. e5 c3 39. Rxg6 c2 40. Rg4+
Kd5 41. e6 c1=Q+ 42. Kh2 Kxe6 43. Rg6+ Ke5 0-1

[Event "Kalamazoo Quads"]
[Site "Kalamazoo"]
[Date "1996.03.30"]
[Round "?"]
[White "Griffin, John"]
[Black "Berndt, Harry"]
[Result "0-1"]
[WhiteElo "1600"]
[BlackElo "1560"]
[PlyCount "92"]
[EventDate "1996.03.30"]

1. d4 Nf6 2. c4 g6 3. g3 Bg7 4. Bg2 d6 5. Nf3 c5 6. d5 O-O 7. O-O Qb6 8. Nc3 e6
9. Qb3 Qxb3 10. axb3 a6 11. e4 Ra7 12. Nd2 b6 13. f4 Re8 14. e5 dxe5 15. dxe6
Bxe6 16. Nde4 exf4 17. Bxf4 Nxe4 18. Bxe4 Bh3 19. Rfe1 Rae7 20. Bg5 Re6 21. Kf2
Bd4+ 22. Kf3 h5 23. Bd2 Bg4+ 24. Kg2 Bxc3 25. Bxc3 Rxe4 26. Kf2 Rxe1 27. Rxe1
Rxe1 28. Kxe1 Nd7 29. b4 Kf8 30. bxc5 bxc5 31. Ba5 Ke7 32. b4 cxb4 33. Bxb4+
Ke6 34. Kd2 Ne5 35. h4 Nxc4+ 36. Kd3 Ne5+ 37. Ke3 Kf5 38. Be7 a5 39. Kf2 a4 40.
Ba3 Nc4 41. Bb4 a3 42. Bc3 Ke4 43. Ba1 Kd3 44. Ke1 Kc2 45. Bf6 Nb2 46. Bxb2
axb2 0-1

[Event "Kalamazoo Quads"]
[Site "Kalamazoo"]
[Date "1996.03.30"]
[Round "?"]
[White "Fuller, William"]
[Black "McGrew, Tim"]
[Result "1/2-1/2"]
[WhiteElo "2074"]
[BlackElo "2129"]
[PlyCount "114"]
[EventDate "1996.03.30"]

1. d4 Nf6 2. c4 c5 3. d5 b5 4. cxb5 a6 5. f3 e6 6. Bg5 Qa5+ 7. Bd2 Qb6 8. dxe6
fxe6 9. e4 axb5 10. Bd3 c4 11. Bc2 Bc5 12. Nh3 O-O 13. Qe2 d5 14. e5 Nfd7 15.
f4 d4 16. Bxh7+ Kxh7 17. Qh5+ Kg8 18. Ng5 Rf5 19. Qh7+ Kf8 20. Qh8+ Ke7 21.
Qxg7+ Kd8 22. g4 Rf8 23. f5 exf5 24. e6 fxg4 25. Nf7+ Kc7 26. exd7 Qe6+ 27. Kd1
Nxd7 28. Ng5 Qf6 29. Qh7 Bb7 30. Re1 Rae8 31. Qh4 Rxe1+ 32. Qxe1 Bd5 33. Na3
Kc6 34. Nc2 Bf3+ 35. Kc1 Ne5 36. Kb1 Bd5 37. Ne4 Bxe4 38. Qxe4+ Kb6 39. a4 Nf3
40. a5+ Ka7 41. Bc1 d3 42. Na3 d2 43. Nxb5+ Kb8 44. a6 Qf5 45. Qxf5 Rxf5 46.
Bxd2 Nxd2+ 47. Kc2 Ne4 48. a7+ Bxa7 49. Rxa7 Rxb5 50. Rd7 Nf2 51. Rg7 Rh5 52.
Kc3 Rxh2 53. Kxc4 Rh3 54. b4 g3 55. Kd4 Nh1 56. Ke4 Rh2 57. Ke3 Kc8 1/2-1/2

[Event "Kalamazoo Quads"]
[Site "Kalamazoo"]
[Date "1996.03.30"]
[Round "?"]
[White "Franklin, Stan"]
[Black "Shellenberger, Richard"]
[Result "1/2-1/2"]
[WhiteElo "1705"]
[BlackElo "1732"]
[PlyCount "113"]
[EventDate "1996.03.30"]

1. e4 e6 2. d4 d5 3. Nd2 c5 4. c3 cxd4 5. Qa4+ Nc6 6. exd5 Qxd5 7. cxd4 Qxd4 8.
Bc4 Bc5 9. Nh3 Qe5+ 10. Be2 Bd7 11. Nf3 Nd4 12. Qxd7+ Kxd7 13. Nxe5+ Ke7 14.
Bd3 f6 15. Nc4 Rd8 16. Be3 Bb4+ 17. Nd2 Nc6 18. Ke2 f5 19. Nf3 h6 20. Rhd1 g5
21. Ne1 Nf6 22. f3 f4 23. Bg1 a6 24. a3 Bd6 25. Nc2 Rd7 26. Bb6 Nd5 27. Bd4 e5
28. Bg1 Nf6 29. Bf5 Rdd8 30. Bb6 Rb8 31. b4 Ne8 32. Rd5 Rf8 33. Be4 Nf6 34. Rd2
Nxe4 35. fxe4 g4 36. Ng1 Rf6 37. Rad1 h5 38. Bc5 Bxc5 39. bxc5 Rd8 40. Rxd8
Nxd8 41. Nb4 Ke8 42. Rd5 Re6 43. Kd3 a5 44. Nc2 Nc6 45. Rd6 Ke7 46. Rxe6+ Kxe6
47. h3 Nb8 48. hxg4 hxg4 49. Ne2 Nd7 50. Kc4 Nf6 51. Nc3 f3 52. gxf3 gxf3 53.
Ne3 f2 54. Kd3 Ng4 55. Nf1 Kd7 56. Ke2 Kc6 57. Kf3 1/2-1/2

[Event "Kalamazoo Quads"]
[Site "Kalamazoo"]
[Date "1996.03.30"]
[Round "?"]
[White "Franklin, Stan"]
[Black "Hartwig, Thomas"]
[Result "0-1"]
[WhiteElo "1705"]
[BlackElo "1754"]
[PlyCount "128"]
[EventDate "1996.03.30"]

1. e4 c5 2. Bc4 Nc6 3. Nf3 e6 4. Qe2 Be7 5. O-O d6 6. a4 Nf6 7. c3 O-O 8. d4
cxd4 9. cxd4 d5 10. exd5 exd5 11. Bb3 Bg4 12. Be3 Qb6 13. Qd3 Bxf3 14. gxf3 Na5
15. Bc2 Qxb2 16. Nc3 Rfc8 17. Bd2 Qb6 18. Nxd5 Qd8 19. Nxe7+ Qxe7 20. Bxa5 g6
21. Bd2 Nd5 22. Qe4 Qd7 23. Bh6 f5 24. Qd3 Rc3 25. Qd1 Rac8 26. Bb3 Kh8 27.
Bxd5 Qxd5 28. Qe2 Rxf3 29. Qe5+ Qxe5 30. dxe5 g5 31. e6 Rh3 32. e7 Rxh6 33.
Rfe1 Re8 34. Rad1 Kg7 35. Rd8 Kf7 36. Rd7 Re6 37. Rxe6 Kxe6 38. Rxb7 Rxe7 39.
Rb5 Rd7 40. Kg2 g4 41. h4 gxh3+ 42. Kxh3 Kf6 43. a5 Kg5 44. Kg3 Rd3+ 45. f3 Ra3
46. Rc5 h5 47. Rd5 h4+ 48. Kg2 Ra2+ 49. Kh3 Ra3 50. Kg2 h3+ 51. Kxh3 Rxf3+ 52.
Kg2 Ra3 53. Rc5 Kg4 54. Kf2 Ra2+ 55. Ke3 f4+ 56. Ke4 Ra4+ 57. Kd5 Kg3 58. Kc6
Rb4 59. Rg5+ Kf2 60. Kc5 Rb7 61. Rg6 f3 62. a6 Rf7 63. Kc6 Kf1 64. Re6 f2 0-1

[Event "Kalamazoo Quads"]
[Site "Kalamazoo"]
[Date "1996.03.30"]
[Round "?"]
[White "Evans Sr., Thomas"]
[Black "Brown, Dan"]
[Result "0-1"]
[WhiteElo "1862"]
[BlackElo "1875"]
[PlyCount "109"]
[EventDate "1996.03.30"]

1. e4 c5 2. Nf3 Nc6 3. Bc4 e6 4. c3 d5 5. exd5 exd5 6. Qe2+ Be7 7. Bb5 Nf6 8.
O-O O-O 9. Bxc6 bxc6 10. Ne5 Bb7 11. d4 h6 12. Be3 c4 13. Nd2 Re8 14. Ng4 Nxg4
15. Qxg4 Bc8 16. Qh5 Qd7 17. Nf3 Qf5 18. Qxf5 Bxf5 19. Ne5 Rac8 20. Rfe1 f6 21.
Nf3 Bd6 22. b4 Rb8 23. h3 a6 24. a3 Bd3 25. Bd2 Kf7 26. Re3 Rxe3 27. fxe3 Ra8
28. Kf2 Be4 29. Be1 Bd3 30. Bd2 Be4 31. Ra2 h5 32. Rb2 g5 33. Be1 Rg8 34. g4
hxg4 35. hxg4 Rh8 36. Ke2 Rh1 37. Bf2 Ra1 38. a4 Rxa4 39. Be1 Ra1 40. Nd2 Bd3+
41. Kf2 Ke6 42. Nf1 f5 43. gxf5+ Kxf5 44. e4+ Kxe4 45. Nd2+ Kf4 46. Nf3 g4 47.
Bd2+ Ke4 48. Ng5+ Kf5 49. Be3 g3+ 50. Kg2 Bf1+ 51. Kf3 g2 52. Nh3 Bh2 53. Bg1
Bxg1 54. Nxg1 Rc1 55. Ra2 0-1

[Event "Kalamazoo Quads"]
[Site "Kalamazoo"]
[Date "1996.03.30"]
[Round "?"]
[White "Estlick, Laurence"]
[Black "Fuller, William"]
[Result "0-1"]
[WhiteElo "2073"]
[BlackElo "2074"]
[PlyCount "82"]
[EventDate "1996.03.30"]

1. d4 Nf6 2. c4 e6 3. Nc3 Bb4 4. e3 c5 5. Bd2 cxd4 6. exd4 d5 7. Nf3 O-O 8. Rc1
Nc6 9. a3 Bd6 10. cxd5 exd5 11. Be2 Bg4 12. Be3 Re8 13. O-O a6 14. h3 Bf5 15.
Re1 Bc7 16. Bg5 Be4 17. Bd3 Qd6 18. Ne5 Nxe5 19. dxe5 Qxe5 20. Nxe4 Qh2+ 21.
Kf1 Nxe4 22. Bxe4 Qh1+ 23. Ke2 Rxe4+ 24. Kf3 Qh2 25. g3 Rxe1 26. Qxe1 Bb6 27.
Qf1 Re8 28. Bf4 h6 29. Rc2 Re4 30. Re2 f5 31. Qd1 Kh7 32. Be3 Qxh3 33. Rd2 d4
34. Bf4 g5 35. Be3 Qg4+ 36. Kg2 Qxd1 37. Rxd1 dxe3 38. fxe3 Rxe3 39. Rd7+ Kg8
40. Rxb7 Rb3 41. Rb8+ Kf7 0-1

[Event "Kalamazoo Quads"]
[Site "Detroit"]
[Date "1996.03.30"]
[Round "?"]
[White "Dumas, Steve"]
[Black "Phalen, Michael"]
[Result "0-1"]
[WhiteElo "1379"]
[BlackElo "1346"]
[PlyCount "80"]
[EventDate "1996.??.??"]

1. d4 d5 2. Nf3 c5 3. c3 Nc6 4. e3 Bg4 5. Nbd2 e6 6. Qb3 a6 7. Qxb7 Na5 8. Bb5+
axb5 9. Qxb5+ Qd7 10. Qxd7+ Kxd7 11. Ne5+ Ke8 12. Nxg4 f6 13. O-O h5 14. Ne5
fxe5 15. dxe5 c4 16. Nf3 Nc6 17. Ng5 Rh6 18. f4 Bc5 19. f5 exf5 20. Rxf5 Nge7
21. Rf7 Rg6 22. h4 Rxg5 23. hxg5 Kxf7 24. Kh1 Nxe5 25. Bd2 Nd3 26. Rf1+ Kg6 27.
g3 Nf5 28. Kg2 Rxa2 29. Rb1 Rxb2 30. Rxb2 Nxb2 31. Kf3 Nd1 32. e4 dxe4+ 33.
Kxe4 Nxg3+ 34. Kd5 Be3 35. Be1 Bf2 36. Bd2 Ne3+ 37. Bxe3 Bxe3 38. Kxc4 Kxg5 39.
Kd3 Bf4 40. c4 h4 0-1

[Event "Kalamazoo Quads"]
[Site "Kalamazoo"]
[Date "1996.03.30"]
[Round "?"]
[White "Dick, Chris"]
[Black "Newhouse, Gregory"]
[Result "0-1"]
[WhiteElo "1310"]
[BlackElo "1329"]
[PlyCount "78"]
[EventDate "1996.03.30"]

1. d4 Nf6 2. c4 e6 3. Nc3 Bb4 4. Nf3 O-O 5. e3 c5 6. Bd2 d5 7. cxd5 exd5 8. a3
Bxc3 9. Bxc3 c4 10. Be2 Ne4 11. O-O Bg4 12. Nd2 Bxe2 13. Qxe2 Nxd2 14. Qxd2 f5
15. Rfe1 Nd7 16. Qc2 Nf6 17. f3 g6 18. Rab1 b5 19. Qd2 a5 20. Ra1 a4 21. Re2
Ra7 22. Rae1 Re8 23. Bb4 Ra6 24. Qc3 Rae6 25. Kf2 Qc7 26. g3 Qg7 27. Kg2 g5 28.
Qc1 g4 29. f4 Ne4 30. Rh1 Rh6 31. Qg1 Rh3 32. Bc3 Re6 33. Kf1 Nxc3 34. bxc3 Qe7
35. Kg2 Qxa3 36. Qc1 Qe7 37. Kf2 Reh6 38. Kg2 Qe4+ 39. Kg1 Rxg3+ 0-1

[Event "Kalamazoo Quads"]
[Site "Kalamazoo"]
[Date "1996.03.30"]
[Round "?"]
[White "Dick, Chris"]
[Black "Latterner, Tom"]
[Result "1-0"]
[WhiteElo "1310"]
[BlackElo "1277"]
[PlyCount "59"]
[EventDate "1996.03.30"]

1. d4 d5 2. c4 Nf6 3. Nc3 b6 4. e3 Bb7 5. Nf3 Nc6 6. Be2 e6 7. a3 a6 8. O-O Be7
9. b4 O-O 10. c5 Ne4 11. Qc2 Nxc3 12. Qxc3 f5 13. Bb2 Rf6 14. Rac1 Rh6 15. Ne1
Bg5 16. f4 Bh4 17. Rf3 Qf6 18. Rh3 Qg6 19. Nf3 Bf2+ 20. Kxf2 Rxh3 21. gxh3 Rf8
22. Rg1 Qh6 23. Rg3 Rf6 24. Qe1 Ne7 25. Ne5 Qh4 26. Qg1 g6 27. Qg2 Kg7 28. Kf1
b5 29. Rg5 Qh6 30. Rh5 1-0

[Event "Kalamazoo Quads"]
[Site "Kalamazoo"]
[Date "1996.03.30"]
[Round "?"]
[White "Brown, Dan"]
[Black "Brattin, Vincent"]
[Result "0-1"]
[WhiteElo "1875"]
[BlackElo "1938"]
[PlyCount "66"]
[EventDate "1996.03.30"]

1. d4 d5 2. c4 c6 3. Nc3 Nf6 4. a4 e6 5. Nf3 Nbd7 6. e3 Bd6 7. c5 Bc7 8. Bd3 e5
9. dxe5 Nxe5 10. Nxe5 Bxe5 11. Qc2 Ng4 12. h3 Qh4 13. O-O Nh2 14. f4 Nxf1 15.
fxe5 Ng3 16. Ne2 Nxe2+ 17. Bxe2 O-O 18. b3 d4 19. e4 Be6 20. Bb2 Qg3 21. Bg4
Bxg4 22. hxg4 Qe3+ 23. Kh1 d3 24. Qc3 Qh6+ 25. Kg1 d2 26. Rd1 Rad8 27. e6 fxe6
28. Qg3 Qg5 29. Qc7 Qe3+ 30. Kh1 Qe1+ 31. Rxe1 dxe1=Q+ 32. Kh2 Qh4+ 33. Kg1
Rd1# 0-1

[Event "Kalamazoo Quads"]
[Site "Kalamazoo"]
[Date "1996.03.30"]
[Round "?"]
[White "Brattin, Vincent"]
[Black "Williams, Ken"]
[Result "1/2-1/2"]
[WhiteElo "1938"]
[BlackElo "1845"]
[PlyCount "103"]
[EventDate "1996.03.30"]

1. e4 c5 2. g3 Nc6 3. Bg2 g6 4. Ne2 Bg7 5. O-O e6 6. c3 d5 7. exd5 exd5 8. d4
cxd4 9. Nxd4 Nxd4 10. cxd4 Ne7 11. Qb3 O-O 12. Be3 Qb6 13. Qxb6 axb6 14. Nc3
Be6 15. a3 Rfd8 16. Rfc1 Nf5 17. Nb5 Nxe3 18. fxe3 Rac8 19. Rc7 Bd7 20. Rac1
Rxc7 21. Nxc7 Bc6 22. Rc3 Rd7 23. Na8 b5 24. Nb6 Rd8 25. Bf1 Re8 26. Kf2 Bh6
27. Bg2 Rd8 28. Ke2 Bf8 29. b4 f5 30. Kd3 Kf7 31. Rc1 Ke6 32. h3 Be7 33. g4 Rb8
34. gxf5+ gxf5 35. Rf1 Rg8 36. Rf2 Bh4 37. Rf4 Bd8 38. Bxd5+ Bxd5 39. Nxd5 Kxd5
40. Rxf5+ Kc6 41. Rc5+ Kb6 42. Rh5 Rg7 43. Rh6+ Ka7 44. Ke4 Re7+ 45. Kd5 Rxe3
46. Kc5 Rxa3 47. Kxb5 Rd3 48. Kc4 Rd1 49. Rxh7 Rc1+ 50. Kb5 Rd1 51. Kc4 Rc1+
52. Kb5 1/2-1/2

[Event "Kalamazoo Quads"]
[Site "Kalamazoo"]
[Date "1996.03.30"]
[Round "?"]
[White "Brattin, Vincent"]
[Black "Evans Sr., Thomas"]
[Result "0-1"]
[WhiteElo "1938"]
[BlackElo "1862"]
[PlyCount "98"]
[EventDate "1996.03.30"]

1. e4 e6 2. Bb5 Qg5 3. Bf1 Bb4 4. Nf3 Qg6 5. e5 f6 6. Bd3 f5 7. O-O Ne7 8. c3
Bc5 9. a4 a5 10. Bc2 h6 11. d4 Ba7 12. Na3 O-O 13. Nb5 Na6 14. c4 b6 15. d5 Bb7
16. d6 cxd6 17. Nxd6 Bc6 18. Nh4 Qh7 19. Qh5 g5 20. Nf3 Qg6 21. Qxg6+ Nxg6 22.
Re1 Bxf3 23. gxf3 Nb4 24. Bd1 Nd3 25. Re3 Ndxe5 26. b3 f4 27. Re4 Bb8 28. Ba3
Kg7 29. Be2 Bxd6 30. Bxd6 Rf5 31. Bc7 d5 32. cxd5 exd5 33. Rd4 Nh4 34. Kh1
Nexf3 35. Rd3 g4 36. Bxb6 Re8 37. Bf1 Rh5 38. h3 Re6 39. hxg4 Rg5 40. Bxa5 Reg6
41. Bh3 h5 42. Bc7 hxg4 43. Bxf4 Rf5 44. Bxg4 Rxg4 45. Bg3 Rh5 46. Rad1 Ne1 47.
Rxe1 Nf3+ 48. Kg2 Nxe1+ 49. Kf1 Nxd3 0-1

[Event "Kalamazoo Quads"]
[Site "Kalamazoo"]
[Date "1996.03.30"]
[Round "?"]
[White "Berndt, Harry"]
[Black "Post, Robert"]
[Result "0-1"]
[WhiteElo "1560"]
[BlackElo "1712"]
[PlyCount "30"]
[EventDate "1996.03.30"]

1. d4 g6 2. e4 Bg7 3. Nf3 d6 4. Bc4 Nf6 5. Nc3 O-O 6. Be3 Ng4 7. Bd2 e5 8. h3
exd4 9. Nd5 Ne5 10. Bg5 Nxf3+ 11. gxf3 Qxg5 12. Nxc7 Qa5+ 13. Qd2 Qxc7 14. Bd5
Be6 15. c4 dxc3 0-1

[Event "Kalamazoo Quads"]
[Site "Kalamazoo"]
[Date "1996.03.30"]
[Round "?"]
[White "Babcock, John"]
[Black "Masse, David"]
[Result "1/2-1/2"]
[WhiteElo "1004"]
[BlackElo "971"]
[PlyCount "122"]
[EventDate "1996.03.30"]

1. d4 Nf6 2. c4 g6 3. Nc3 Bg7 4. e4 d6 5. Nf3 Bg4 6. Be2 O-O 7. O-O Nbd7 8. Re1
Re8 9. Be3 e5 10. d5 Nc5 11. Nd2 Bxe2 12. Qxe2 Qc8 13. h3 c6 14. b4 Na6 15. a3
cxd5 16. Nxd5 Nc7 17. Nxf6+ Bxf6 18. Rac1 Re6 19. Qg4 a6 20. Nf1 Qe8 21. Ng3
Bg7 22. Red1 Rd8 23. Bb6 Rd7 24. h4 Rf6 25. h5 Rf4 26. Qh3 Ne6 27. Be3 Ng5 28.
Qh2 Ne6 29. Bxf4 Nxf4 30. Rd2 Qe6 31. f3 Bh6 32. Rdc2 Nd3 33. Rd1 Be3+ 34. Kf1
Nf4 35. Ne2 Nxe2 36. Kxe2 Ba7 37. hxg6 hxg6 38. Rh1 Kf8 39. Qh6+ Ke8 40. Qg5
Re7 41. Rh8+ Kd7 42. Qd2 Qf6 43. Ra8 Bg1 44. Qd5 Qf4 45. Qxb7+ Ke6 46. Qd5+ Kf6
47. Qxd6+ Kg7 48. Qxe7 Qe3+ 49. Kd1 Qd3+ 50. Rd2 Qb3+ 51. Ke1 Qe3+ 52. Kd1 Qb3+
53. Rc2 Qd3+ 54. Kc1 Be3+ 55. Kb1 Qb3+ 56. Rb2 Qd3+ 57. Ka2 Qxc4+ 58. Kb1 Qc1+
59. Ka2 Qc4+ 60. Kb1 Qc1+ 61. Ka2 Qc4+ 1/2-1/2

[Event "Kalamazoo Quads"]
[Site "Kalamazoo"]
[Date "1996.03.30"]
[Round "?"]
[White "Babcock, John"]
[Black "Amante, Anthony"]
[Result "1-0"]
[WhiteElo "1004"]
[BlackElo "988"]
[PlyCount "95"]
[EventDate "1996.03.30"]

1. d4 Nf6 2. c4 d5 3. Nc3 c6 4. e3 e6 5. Bd3 Qa5 6. Bd2 Bb4 7. Nge2 Bxc3 8.
Bxc3 Qd8 9. Bb4 a5 10. Ba3 Qc7 11. Nf4 dxc4 12. Bxc4 b5 13. Bxb5 cxb5 14. Rc1
Nc6 15. Bc5 Nd7 16. O-O Nxc5 17. Rxc5 Ba6 18. a3 b4 19. Re1 bxa3 20. bxa3 O-O
21. Qd2 Rfd8 22. Rec1 Bb7 23. Nd3 Qd6 24. R1c3 Rac8 25. f4 Qd7 26. Qe1 Qe7 27.
Rg5 g6 28. h4 h6 29. Rg3 h5 30. Qe2 Kf8 31. Rh3 Ba6 32. Qf3 Bb7 33. Qf2 Rb8 34.
Kh2 Ba6 35. Nc5 Bb7 36. Nxb7 Rxb7 37. Qf3 Rc7 38. Qf1 e5 39. fxe5 Nxe5 40. Rxc7
Qxc7 41. dxe5 Qxe5+ 42. Qf4 Qxf4+ 43. exf4 Rb8 44. Rc3 a4 45. Rc4 Ra8 46. Kg3
Ke7 47. Kf3 Kd6 48. Ke4 $138 1-0

[Event "Kalamazoo Quads"]
[Site "Kalamazoo"]
[Date "1996.03.30"]
[Round "?"]
[White "Arenson, Kevin"]
[Black "Tuzeneu, Jim"]
[Result "1-0"]
[WhiteElo "1042"]
[BlackElo "966"]
[PlyCount "53"]
[EventDate "1996.03.30"]

1. e4 e5 2. Nf3 Nc6 3. Bc4 g6 4. Nc3 Nf6 5. Ng5 Qe7 6. Bxf7+ Kd8 7. Bb3 Bh6 8.
Nf7+ Ke8 9. Nxh8 Qg7 10. Nf7 Bf4 11. g3 Bh6 12. Nxh6 Qxh6 13. Qf3 Ke7 14. Nd5+
Nxd5 15. Bxd5 Nd4 16. Qf7+ Kd6 17. Qf6+ Kc5 18. b4+ Kb5 19. a4+ Kxb4 20. c3+
Ka5 21. cxd4 c6 22. d3 Qh3 23. Bd2+ Ka6 24. Bc4+ Kb6 25. a5+ Kc7 26. Qxe5+ Kd8
27. Bg5# 1-0

[Event "Kalamazoo Quads"]
[Site "Kalamazoo"]
[Date "1996.03.30"]
[Round "?"]
[White "Arenson, Kevin"]
[Black "Ritchie, Rick"]
[Result "1-0"]
[WhiteElo "1042"]
[BlackElo "905"]
[PlyCount "63"]
[EventDate "1996.03.30"]

1. e4 e5 2. Nf3 Nc6 3. Bc4 Nf6 4. Ng5 Qe7 5. Nxf7 Rg8 6. Ng5 d5 7. exd5 Nxd5 8.
Bxd5 Qxg5 9. O-O Bh3 10. d3 Qf5 11. gxh3 Qg6+ 12. Kh1 Rh8 13. Bxc6+ Qxc6+ 14.
Kg1 O-O-O 15. Nc3 Bd6 16. Ne4 Rhf8 17. Be3 b6 18. Kh1 Rf5 19. Rg1 g6 20. Rg2
Rh5 21. Nf6 Rh4 22. c4 Bc5 23. Nd5 Qd7 24. Bg5 Qxh3 25. Bxh4 Qxh4 26. Qg4+ Qxg4
27. Rxg4 b5 28. Kg2 Rf8 29. Rf1 c6 30. b4 Rf4 31. Nxf4 Bxb4 32. Ne6 1-0

[Event "Kalamazoo Quads"]
[Site "Kalamazoo"]
[Date "1996.03.30"]
[Round "?"]
[White "Anthony, James"]
[Black "Dumas, Steve"]
[Result "0-1"]
[WhiteElo "1470"]
[BlackElo "1379"]
[PlyCount "60"]
[EventDate "1996.03.30"]

1. e4 Nf6 2. e5 Nd5 3. d4 e6 4. Nf3 h6 5. Bd2 c5 6. c3 Qb6 7. Qa4 Qxb2 8. Qb3
Qxa1 9. Bc1 Nc6 10. Nfd2 Nxc3 11. Bb2 Qxa2 12. Qxc3 cxd4 13. Qb3 Qa5 14. Be2
Qxe5 15. Qd1 Bb4 16. O-O b6 17. Nf3 Qd6 18. Ne1 Bb7 19. Bf3 a5 20. Nd3 Bc5 21.
Re1 a4 22. Nxc5 Qxc5 23. Ba3 Qb5 24. Qd2 Qa5 25. Qd1 d5 26. Re2 d3 27. Qxd3 Ba6
28. Qc2 Nd4 29. Qc7 Nxe2+ 30. Bxe2 Qe1+ 0-1